Vybrané charakteristiky exotických swapových kontraktov

Charakteristika swapového kontraktu - Express swap. Swapový kontrakt - Second chance swap. Callable range accrual swap. FX Linked knockout swap.

Na minha lista:
Detalhes bibliográficos
Autor principal: Ponecová, Gabriela
Formato: Capítulo de Livro
Idioma:eslovaco
Assuntos:
Tags: Adicionar Tag
Sem tags, seja o primeiro a adicionar uma tag!

MARC

LEADER 00000nla$a2200000$$$4500
001 0114096
005 20240502072253.6
041 0 |a slo 
044 |a SK 
245 1 0 |a Vybrané charakteristiky exotických swapových kontraktov  |c Gabriela Ponecová 
520 |a Charakteristika swapového kontraktu - Express swap. Swapový kontrakt - Second chance swap. Callable range accrual swap. FX Linked knockout swap. 
610 2 0 |a swap 
610 2 0 |a kurz menový 
610 2 0 |a sadzby úrokové 
610 2 0 |a investície 
610 2 0 |a investori 
610 2 0 |a banky 
100 1 |a Ponecová, Gabriela